Classes of linear operators Vol. II (Record no. 755167)
[ view plain ]
| 000 -LEADER | |
|---|---|
| fixed length control field | 00609nam a22002057a 4500 |
| 020 ## - INTERNATIONAL STANDARD BOOK NUMBER | |
| ISBN | 9783034896795 |
| 100 ## - MAIN ENTRY--AUTHOR NAME | |
| Personal name | Gohberg, Israel |
| 245 ## - TITLE STATEMENT | |
| Title | Classes of linear operators Vol. II |
| 260 ## - PUBLICATION, DISTRIBUTION, ETC. (IMPRINT) | |
| Place of publication | Switzerland |
| Name of publisher | Springer |
| Year of publication | 1993 |
| 300 ## - PHYSICAL DESCRIPTION | |
| Number of Pages | x+1020 |
| 490 ## - SERIES STATEMENT | |
| Series statement | Operator Theory: Advances and applications |
| 500 ## - GENERAL NOTE | |
| General note | Operator Theory: Advances and applications - Vol. 63 |
| 650 ## - SUBJECT ADDED ENTRY--TOPICAL TERM | |
| Topical Term | Toeplitz operator |
| 650 ## - SUBJECT ADDED ENTRY--TOPICAL TERM | |
| Topical Term | Dilation |
| 650 ## - SUBJECT ADDED ENTRY--TOPICAL TERM | |
| Topical Term | Algebra |
| 700 ## - ADDED ENTRY--PERSONAL NAME | |
| Personal name | Goldberg, Seymour |
| 700 ## - ADDED ENTRY--PERSONAL NAME | |
| Personal name | Kaashoek, Marinus A |
| 942 ## - ADDED ENTRY ELEMENTS (KOHA) | |
| Source of classification or shelving scheme | Dewey Decimal Classification |
| Koha item type | Book |
| Withdrawn status | Lost status | Source of classification or shelving scheme | Damaged status | Not for loan | Collection code | Home Library | Current Location | Shelving location | Date acquired | Source of acquisition | Cost, normal purchase price | Full call number | Accession Number | Price effective from | Koha item type |
|---|---|---|---|---|---|---|---|---|---|---|---|---|---|---|---|
| Dewey Decimal Classification | Gift or donation | Dept. of Mathematics | Dept. of Mathematics | General Stacks | 08/01/2026 | Donated by Dr. Krishna Kumar G on the completion of SERB sponsored project (UO. No: Ad.F1/1373/2021 dated 22/01/2024) | 6759.16 | 515.7246 GOH-C | MATG257 | 16/01/2026 | Book |
